| 000 | 00826nam a2200193 a 4500 | ||
|---|---|---|---|
| 003 | AM-YeHGA | ||
| 040 | _aAM-YeHGA | ||
| 090 | _c113295 | ||
| 005 | 20250618071943.0 | ||
| 008 | 040127s1935 ai 000 | arm d | ||
| 041 | 0 | _aarm | |
| 245 | 0 | 0 |
_aՀայաստանի գրողները տասնհինգամյակին : _bԳեղարվեստական ժողովածու / _cԽմբ.՝ Դր. Սիմոնյան. |
| 260 |
_aՅերեվան : _bՊետհրատ, _c1935. |
||
| 300 |
_a410 էջ ; _c20 սմ. |
||
| 650 | 1 | 4 |
_aՀայ գրականություն _xԺողովածու |
| 700 | 1 |
_aՏեր-Սիմոնյան, Դրաստամատ Ասքանազի, _d1895-1937 _eխմբ., առաջաբ. _4edt _4aui _92835 |
|
| 856 | 4 |
_uhttps://arar.sci.am/dlibra/publication/292543/edition/268568/content _yԿարդալ առցանց |
|
| 942 |
_2udc _cBK |
||
| 999 |
_c111957 _d111957 |
||